000 00945nam a2200277Ia 4500
003 OSt
005 20221005105238.0
006 a|||||r|||| 00| 0
007 ta
008 221004b |||||||| |||| 00| 0 hin d
020 _a8187649976 (pbk)
_cIndian Rupees 150
024 _a68942
037 _bGift, 23/08/2021,
_cTextual
040 _aCRL
_cCRL
_bhin
041 _2hin
_ahin
082 _aO114,3N33,BW, 152P3
100 _aएकमन, कर्स्टिन, ले.
245 0 _aब्लैकवॉटर
246 _aBlaikavaॉṭara
260 _aनई दिल्ली
_bकथा भारत
_c2003
300 _a469पृ0
_ccm.
650 _a स्पैनिश साहित्य
650 _aस्पैनिश कहानी
942 _hO114,3N33,BW, 152P3
_cTEXL
_2cc
999 _c1015263
_d1015263